Seawater aquariums : the captive environment
Αποθηκεύτηκε σε:
| Κύριος συγγραφέας: | |
|---|---|
| Μορφή: | Βιβλίο |
| Γλώσσα: | English |
| Δημοσίευση: |
New York :
Wiley,
c1979
|
| Θέματα: | |
| Ετικέτες: |
Προσθήκη ετικέτας
Δεν υπάρχουν, Καταχωρήστε ετικέτα πρώτοι!
|
MARC
| LEADER | 00000pam a2200000 i 4500 | ||
|---|---|---|---|
| 001 | 1/87279 | ||
| 008 | 961118s1979 eng d | ||
| 020 | |a 0-471-05665-0 | ||
| 035 | |l 10006681 | ||
| 040 | |a GR-MY-UA |b gre |e aacr | ||
| 041 | 0 | |a eng | |
| 082 | 0 | |a 639.34 | |
| 100 | 1 | |a Spotte, Stephen H. | |
| 245 | 1 | 0 | |a Seawater aquariums : |b the captive environment / |c Stephen Spotte |
| 260 | |a New York : |b Wiley, |c c1979 | ||
| 300 | |a xxii, 413 p.; |c 24 cm | ||
| 504 | |a Bibliography: p. 339-370. Includes index | ||
| 650 | 0 | 0 | |a Marine aquariums. |
| 852 | |a INST |b LESVOS |e 19961118 |h 639.34 SPO |p 005100009209 |q 005100009209 |t BK |y 0 | ||
| 909 | |a Λ |b 010019 | ||